LIBRARY & INFORMATION CENTRE, KCAET, TAVANUR

ONLINE PUBLIC ACCESS CATALOGUE (OPAC)

Normal view MARC view
  • Nirolyukin, Alexander .

Entry Personal Name

Number of records used in: 1

001 - CONTROL NUMBER

  • control field: 1749

003 - CONTROL NUMBER IDENTIFIER

  • control field: OSt

005 - DATE AND TIME OF LATEST TRANSACTION

  • control field: 20161014101756.0

008 - FIXED-LENGTH DATA ELEMENTS

  • fixed length control field: 161014|| aca||aabn | a|a d

040 ## - CATALOGING SOURCE

  • Original cataloging agency: OSt
  • Transcribing agency: OSt

100 ## - HEADING--PERSONAL NAME

  • Personal name: Nirolyukin, Alexander .

670 ## - SOURCE DATA FOUND

  • Source citation: Work cat.: (OSt)7824: Samarin, Roman . 1748, Shakespeare In the Soviet Union / , 1966.
free website counter